[Event "ODJM A 2019"]
[Site "Willingen GER"]
[Date "2019.06.12"]
[Round "5"]
[White "Bargsten, Justus"]
[Black "Helmer, Jan"]
[Result "1-0"]
[Termination "normal"]
[Board "24"]
[WhiteElo "1980"]
[BlackElo "1900"]
[PlyCount "62"]
[WhiteFideId "12974188"]
[BlackFideId "12956686"]
[EventCountry "GER"]
[EventRounds "9"]
[EventType "swiss"]
[EventDate "2019.06.08"]

1. e4 c5 2. Nf3 Nc6 3. d4 cxd4 4. Nxd4 e5 5. Nb5 d6 6. N1c3 a6 7. Na3 Be7 8.
Nc4 b5 9. Ne3 Nf6 10. Ned5 h6 11. Be3 Rb8 12. Nxf6+ Bxf6 13. Qd2 Be6 14. Nd5
Be7 15. Be2 Bf8 16. O-O g6 17. c3 Bg7 18. a4 f5 19. axb5 axb5 20. f3 f4 21. Bf2
O-O 22. Ra6 Qd7 23. Rxc6 Rb7 24. Rxd6 Qxd6 25. Nf6+ Bxf6 26. Qxd6 Kf7 27. Qc6
Rd7 28. Qxb5 Rfd8 29. Bc4 Rd6 30. Bxe6+ Kxe6 31. Qc4+ Kd7 1-0

[Event "ODJM A 2019"]
[Site "Willingen GER"]
[Date "2019.06.12"]
[Round "5"]
[White "Kolb, Tobias"]
[Black "Recktenwald, Cedric"]
[Result "1-0"]
[Termination "normal"]
[Board "25"]
[WhiteElo "1915"]
[BlackElo "1839"]
[PlyCount "73"]
[WhiteFideId "12992321"]
[BlackFideId "12971928"]
[EventCountry "GER"]
[EventRounds "9"]
[EventType "swiss"]
[EventDate "2019.06.08"]

1. e4 e6 2. d4 d5 3. exd5 exd5 4. Qf3 Be6 5. Bd3 Nc6 6. c3 Bd6 7. Ne2 Qd7 8.
Bf4 O-O-O 9. Bxd6 Qxd6 10. Nd2 Kb8 11. b4 h5 12. O-O g5 13. Rfe1 Nh6 14. Nf1
Rdg8 15. a4 Ne7 16. a5 f5 17. Qe3 Ng4 18. Qd2 f4 19. Rac1 Ng6 20. Bxg6 Rxg6 21.
Ra1 Rf8 22. f3 Nh6 23. Nc1 g4 24. Qe2 gxf3 25. Qxf3 Bg4 26. Qd3 Bf5 27. Qf3 Be4
28. Rxe4 dxe4 29. Qxe4 f3 30. Ra2 Re6 31. Qh4 Nf5 32. Qxh5 fxg2 33. Rxg2 Nxd4
34. Rf2 Rxf2 35. Kxf2 Rf6+ 36. Kg2 Qf4 37. Qe8# 1-0

[Event "ODJM A 2019"]
[Site "Willingen GER"]
[Date "2019.06.12"]
[Round "5"]
[White "Khachatryan, Taron"]
[Black "Leser, Katrin"]
[Result "0-1"]
[Termination "normal"]
[Board "26"]
[WhiteElo "1900"]
[BlackElo "2036"]
[PlyCount "67"]
[WhiteFideId "16216598"]
[BlackFideId "12997692"]
[EventCountry "GER"]
[EventRounds "9"]
[EventType "swiss"]
[EventDate "2019.06.08"]

1. d4 Nf6 2. c4 e6 3. Nf3 d5 4. Nc3 Be7 5. Bf4 O-O 6. e3 c5 7. Qc2 Qa5 8. Be2
cxd4 9. Nxd4 dxc4 10. Bxb8 Rxb8 11. Bxc4 e5 12. Nf3 e4 13. Nd2 Bf5 14. O-O Qe5
15. Rfe1 Bd6 16. g3 b5 17. Bf1 h5 18. Nb3 h4 19. Nd4 Bd7 20. Bg2 Rfe8 21. f4
exf3 22. Nxf3 Qc5 23. b4 Qxb4 24. Qd3 hxg3 25. h3 Qa3 26. Rac1 Bc5 27. Rcd1 Bb4
28. Nd5 Qxd3 29. Nxf6+ gxf6 30. Rxd3 Bxe1 31. Nxe1 Bf5 32. Ra3 b4 33. Rxa7 Rxe3
34. Nc2 0-1

[Event "ODJM A 2019"]
[Site "Willingen GER"]
[Date "2019.06.12"]
[Round "5"]
[White "Askerov, Imamali"]
[Black "Klugstedt, Vincent C."]
[Result "1/2-1/2"]
[Termination "normal"]
[Board "27"]
[WhiteElo "1986"]
[BlackElo "1827"]
[PlyCount "79"]
[WhiteFideId "12974498"]
[BlackFideId "16216393"]
[EventCountry "GER"]
[EventRounds "9"]
[EventType "swiss"]
[EventDate "2019.06.08"]

1. e4 c5 2. Nf3 Nc6 3. d4 cxd4 4. Nxd4 g6 5. Nc3 Bg7 6. Be3 Nf6 7. Bc4 Qa5 8.
O-O Qb4 9. Bb3 O-O 10. a3 Qa5 11. f4 d6 12. h3 Bd7 13. Qd3 Rfd8 14. Ba2 Nxd4
15. Bxd4 Bc6 16. b4 Qc7 17. b5 Bd7 18. e5 Bf5 19. Qe3 Ne8 20. Rad1 dxe5 21.
fxe5 e6 22. g4 Bxc2 23. Rd2 Rxd4 24. Rxd4 Qxe5 25. Qxe5 Bxe5 26. Rd2 Bxc3 27.
Rxc2 Bd4+ 28. Kg2 b6 29. Rd2 Bf6 30. Rd7 Rd8 31. Rxd8 Bxd8 32. Rd1 Be7 33. a4
Bd6 34. Rc1 Nc7 35. Rd1 Ne8 36. Bb1 Kf8 37. Be4 Ke7 38. Bc6 Nc7 39. Kf3 e5 40.
Bd5 1/2-1/2

[Event "ODJM A 2019"]
[Site "Willingen GER"]
[Date "2019.06.12"]
[Round "5"]
[White "Behringer, Tom"]
[Black "Schilay, Lorenz"]
[Result "1-0"]
[Termination "normal"]
[Board "28"]
[WhiteElo "1766"]
[BlackElo "1888"]
[PlyCount "51"]
[WhiteFideId "16203496"]
[BlackFideId "12930180"]
[EventCountry "GER"]
[EventRounds "9"]
[EventType "swiss"]
[EventDate "2019.06.08"]

1. e4 e5 2. Nf3 Nc6 3. d4 exd4 4. Bc4 Nf6 5. e5 d5 6. Bb5 Ne4 7. Nxd4 Bc5 8.
Be3 O-O 9. Nxc6 bxc6 10. Bxc5 Nxc5 11. Bxc6 Rb8 12. O-O Rxb2 13. Bxd5 Bf5 14.
Na3 a5 15. Qd4 Na4 16. Bxf7+ Kxf7 17. Qxa4 Qd5 18. Rfd1 Qc5 19. Qc4+ Qxc4 20.
Nxc4 Rb5 21. f4 Ke6 22. Rd4 g5 23. fxg5 Bxc2 24. Na3 Rb2 25. Rd2 Kxe5 26. Nc4+
1-0

[Event "ODJM A 2019"]
[Site "Willingen GER"]
[Date "2019.06.12"]
[Round "5"]
[White "Kratz, Alexander"]
[Black "Muckle, Richard"]
[Result "1/2-1/2"]
[Termination "normal"]
[Board "29"]
[WhiteElo "1741"]
[BlackElo "2057"]
[PlyCount "116"]
[WhiteFideId "16228529"]
[BlackFideId "12942553"]
[EventCountry "GER"]
[EventRounds "9"]
[EventType "swiss"]
[EventDate "2019.06.08"]

1. e4 e6 2. d4 d5 3. exd5 exd5 4. Nf3 Nf6 5. Bd3 Bd6 6. Qe2+ Qe7 7. Qxe7+ Bxe7
8. O-O O-O 9. Bf4 c6 10. Re1 Bd8 11. Nbd2 Bg4 12. h3 Bxf3 13. Nxf3 Bb6 14. Re2
Nbd7 15. Rae1 Rfe8 16. c3 g6 17. Ne5 Nxe5 18. Bxe5 Nd7 19. Bf4 Rxe2 20. Rxe2
Nf8 21. g4 Ne6 22. Bg3 Ba5 23. f4 Re8 24. f5 Ng7 25. Rxe8+ Nxe8 26. Be5 f6 27.
Bg3 g5 28. Kf2 Bc7 29. Bxc7 Nxc7 30. Ke3 Kf7 31. b3 Ke7 32. Be2 Kd6 33. Bf1 b6
34. b4 Ne8 35. Be2 Kc7 36. Bf1 Nd6 37. Bd3 Kb7 38. Kd2 a5 39. a3 axb4 40. cxb4
Kc7 41. a4 Kb7 42. a5 bxa5 43. bxa5 Nb5 44. Bxb5 cxb5 45. Kc3 Ka6 46. Kb4 h6
47. Kc5 Kxa5 48. Kxd5 b4 49. Ke6 b3 50. d5 b2 51. d6 b1=Q 52. d7 Qb8 53. Ke7
Qc7 54. Ke8 Qe5+ 55. Kf7 Qb8 56. Ke7 Qb7 57. Ke8 Qe4+ 58. Kf7 Qd5+ 1/2-1/2

[Event "ODJM A 2019"]
[Site "Willingen GER"]
[Date "2019.06.12"]
[Round "5"]
[White "Ronge, Tim"]
[Black "Brockmeyer, Tobias"]
[Result "1-0"]
[Termination "normal"]
[Board "30"]
[WhiteElo "2143"]
[BlackElo "1896"]
[PlyCount "39"]
[WhiteFideId "12955418"]
[BlackFideId "12982385"]
[EventCountry "GER"]
[EventRounds "9"]
[EventType "swiss"]
[EventDate "2019.06.08"]

1. c4 f5 2. g3 Nf6 3. Bg2 g6 4. Nc3 Bg7 5. d3 O-O 6. e3 d6 7. Nge2 e5 8. O-O
Qe7 9. Rb1 a5 10. a3 Na6 11. b4 axb4 12. axb4 Rb8 13. Nd5 Nxd5 14. cxd5 Bd7 15.
Qc2 g5 16. f4 Rbc8 17. Bd2 c6 18. dxc6 Bxc6 19. Bxc6 bxc6 20. Qc4+ 1-0

[Event "ODJM A 2019"]
[Site "Willingen GER"]
[Date "2019.06.12"]
[Round "5"]
[White "Jurga, Jonas Vincent"]
[Black "Paeslack, Luis"]
[Result "1/2-1/2"]
[Termination "normal"]
[Board "31"]
[WhiteElo "1879"]
[BlackElo "2014"]
[PlyCount "50"]
[WhiteFideId "12968013"]
[BlackFideId "12987760"]
[EventCountry "GER"]
[EventRounds "9"]
[EventType "swiss"]
[EventDate "2019.06.08"]

1. e4 c5 2. Nf3 Nc6 3. d4 cxd4 4. Nxd4 g6 5. c4 Bg7 6. Be3 Nf6 7. Nc3 d6 8. Be2
O-O 9. O-O Bd7 10. h3 Nxd4 11. Bxd4 Bc6 12. Qc2 a6 13. Rfd1 Rc8 14. b4 Qc7 15.
a4 Bd7 16. Bxf6 Bxf6 17. Nd5 Qc6 18. Nxf6+ exf6 19. Qd3 Be6 20. b5 Qxc4 21.
Qxc4 Bxc4 22. Bxc4 Rxc4 23. bxa6 bxa6 24. Rxd6 Ra8 25. Rxf6 Rxe4 1/2-1/2

[Event "ODJM A 2019"]
[Site "Willingen GER"]
[Date "2019.06.12"]
[Round "5"]
[White "Kreutz, Jonas"]
[Black "Jenner, Meikel"]
[Result "0-1"]
[Termination "normal"]
[Board "32"]
[WhiteElo "1970"]
[BlackElo "1797"]
[PlyCount "74"]
[WhiteFideId "12970697"]
[BlackFideId "16245342"]
[EventCountry "GER"]
[EventRounds "9"]
[EventType "swiss"]
[EventDate "2019.06.08"]

1. e4 c5 2. Nf3 g6 3. c3 Bg7 4. d4 cxd4 5. cxd4 d5 6. e5 Bg4 7. Be2 e6 8. Nc3
Ne7 9. O-O O-O 10. h3 Bxf3 11. Bxf3 Nbc6 12. Bg5 Qb6 13. Na4 Qc7 14. Rc1 Nf5
15. g4 Nfxd4 16. Bg2 Qxe5 17. Be3 Qd6 18. a3 f5 19. gxf5 gxf5 20. f4 b6 21. Nc3
Rac8 22. Rf2 Na5 23. Bxd4 Bxd4 24. Qxd4 Nb3 25. Qd1 Nxc1 26. Qxc1 d4 27. Qd1
Rfd8 28. Nb5 Qd7 29. a4 a6 30. Na3 d3 31. b3 b5 32. Bf3 d2 33. Nc2 Qd3 34. Nb4
Qd6 35. Nc2 Qc5 36. Qa1 Qc3 37. Qa3 Qxf3 0-1

[Event "ODJM A 2019"]
[Site "Willingen GER"]
[Date "2019.06.12"]
[Round "5"]
[White "Müller, Magnus"]
[Black "Meiwes, Thore"]
[Result "1/2-1/2"]
[Termination "normal"]
[Board "33"]
[WhiteElo "1837"]
[BlackElo "1933"]
[PlyCount "60"]
[WhiteFideId "16230060"]
[BlackFideId "16201256"]
[EventCountry "GER"]
[EventRounds "9"]
[EventType "swiss"]
[EventDate "2019.06.08"]

1. e4 c5 2. Nf3 Nc6 3. d4 cxd4 4. Nxd4 g6 5. c4 Nf6 6. Nc3 d6 7. f3 Nxd4 8.
Qxd4 Bg7 9. Be3 O-O 10. Qd2 Be6 11. Be2 Qa5 12. Rc1 Rfc8 13. b3 a6 14. Na4
Qxd2+ 15. Kxd2 Nd7 16. g4 f5 17. gxf5 gxf5 18. Rhg1 Kh8 19. Nc3 Rf8 20. Nd5
Bxd5 21. cxd5 f4 22. Bf2 Rac8 23. Rxc8 Rxc8 24. Rc1 Rxc1 25. Kxc1 Kg8 26. Kc2
Kf7 27. b4 Ke8 28. a4 Kd8 29. Kb3 Kc7 30. a5 Bf6 1/2-1/2

[Event "ODJM A 2019"]
[Site "Willingen GER"]
[Date "2019.06.12"]
[Round "5"]
[White "Bajorski, Marius"]
[Black "Schrepp, Florian"]
[Result "1-0"]
[Termination "normal"]
[Board "34"]
[WhiteElo "1967"]
[BlackElo "1922"]
[PlyCount "119"]
[WhiteFideId "12938831"]
[BlackFideId "16239709"]
[EventCountry "GER"]
[EventRounds "9"]
[EventType "swiss"]
[EventDate "2019.06.08"]

1. e4 g6 2. d4 Bg7 3. Nc3 d6 4. f4 a6 5. Nf3 b5 6. e5 Nd7 7. Bd3 e6 8. O-O d5
9. Qe1 c5 10. dxc5 Nxc5 11. Be3 Nxd3 12. cxd3 Bd7 13. Bc5 Rc8 14. b4 d4 15. Ne4
Bf8 16. Bxf8 Kxf8 17. Nxd4 Ne7 18. Nd6 Qb6 19. Qf2 Rb8 20. Nb3 Qxf2+ 21. Rxf2
Bc6 22. Rc1 Bd5 23. Nc5 Ra8 24. Rfc2 Kg7 25. Nd7 Nf5 26. Nxf5+ gxf5 27. a3 a5
28. Nb6 Rad8 29. bxa5 Ba8 30. Rc8 Bb7 31. Rxd8 Rxd8 32. Rc7 Rxd3 33. Rxb7 Rxa3
34. Nc8 Rxa5 35. g3 Kg6 36. Nd6 f6 37. Rxb5 Ra1+ 38. Kg2 Rd1 39. Rb7 fxe5 40.
fxe5 Rd5 41. Rb5 Rd3 42. Nc4 Rd4 43. Rc5 f4 44. g4 Kg5 45. h3 h5 46. gxh5 Kxh5
47. Kf3 Kg5 48. Rc8 Rd3+ 49. Ke4 Rd1 50. Rg8+ Kh4 51. Rg4+ Kxh3 52. Rxf4 Rd7
53. Rf6 Re7 54. Ne3 Kh4 55. Kf4 Kh5 56. Ng4 Rh7 57. Rxe6 Rf7+ 58. Rf6 Rxf6+ 59.
Nxf6+ Kg6 60. Ne4 1-0

[Event "ODJM A 2019"]
[Site "Willingen GER"]
[Date "2019.06.12"]
[Round "5"]
[White "Noever, Niklas"]
[Black "Gallasch, Robin"]
[Result "0-1"]
[Termination "normal"]
[Board "35"]
[WhiteElo "1762"]
[BlackElo "1889"]
[PlyCount "60"]
[WhiteFideId "12988642"]
[BlackFideId "16222423"]
[EventCountry "GER"]
[EventRounds "9"]
[EventType "swiss"]
[EventDate "2019.06.08"]

1. d4 c5 2. d5 Nf6 3. Nf3 g6 4. c4 b5 5. cxb5 a6 6. e3 Bg7 7. Nc3 O-O 8. bxa6
Qa5 9. Bd2 Bxa6 10. Bxa6 Qxa6 11. Qe2 d6 12. Qxa6 Nxa6 13. a3 Rfb8 14. Ra2 c4
15. O-O Nc5 16. Rc1 Nd3 17. Rb1 Ng4 18. Nd1 Nge5 19. Nxe5 Bxe5 20. Bc3 Bxc3 21.
Nxc3 Rb3 22. Ne4 Rc8 23. Nc3 Rcb8 24. Ne4 c3 25. Nxc3 Rxc3 26. b4 Ra8 27. Rba1
Nxb4 28. Rd2 Rcxa3 29. Rxa3 Rxa3 30. Kf1 Rd3 0-1

[Event "ODJM A 2019"]
[Site "Willingen GER"]
[Date "2019.06.12"]
[Round "5"]
[White "Struck, Lasse"]
[Black "Fröhlich, Franziska"]
[Result "0-1"]
[Termination "normal"]
[Board "36"]
[WhiteElo "1770"]
[BlackElo "1820"]
[PlyCount "132"]
[WhiteFideId "16255623"]
[BlackFideId "12988596"]
[EventCountry "GER"]
[EventRounds "9"]
[EventType "swiss"]
[EventDate "2019.06.08"]

1. e4 c5 2. c4 Nc6 3. Nc3 g6 4. g3 Bg7 5. Bg2 e6 6. Nge2 Nge7 7. d3 d6 8. Be3
Nd4 9. Rb1 Nec6 10. a3 b6 11. b4 Bb7 12. O-O O-O 13. Qd2 Qd7 14. Bh6 Bxh6 15.
Qxh6 f5 16. f4 Nc2 17. b5 N6d4 18. Nxd4 cxd4 19. Nd1 fxe4 20. dxe4 Nxa3 21. Rc1
a6 22. bxa6 Rxa6 23. Nf2 Ra5 24. Qh4 Ra4 25. Bh3 Nxc4 26. f5 exf5 27. exf5 Ne5
28. Ne4 Qd8 29. Ng5 h5 30. fxg6 Nf3+ 31. Rxf3 Bxf3 32. Be6+ Kg7 33. Bb3 Bg4 34.
Bxa4 Qe7 35. Ne6+ Qxe6 36. Rc7+ Kxg6 37. Bc2+ Bf5 38. Qxd4 Qe5 39. Bxf5+ Rxf5
40. Qxe5 dxe5 41. Rc8 Rf7 42. Rb8 Kf5 43. Rh8 Ke4 44. Rxh5 Kd4 45. g4 e4 46.
Rh8 e3 47. Rd8+ Kc3 48. Re8 Kd2 49. Rd8+ Ke1 50. Ra8 e2 51. Ra1+ Kd2 52. Ra2+
Kd3 53. Ra3+ Kd4 54. Ra4+ Kc3 55. Ra3+ Kb2 56. Re3 Rf1+ 57. Kg2 e1=Q 58. Rxe1
Rxe1 59. g5 Kc3 60. h4 b5 61. Kf3 b4 62. g6 b3 63. h5 b2 64. g7 Rg1 65. h6 b1=Q
66. h7 Qxh7 0-1

[Event "ODJM A 2019"]
[Site "Willingen GER"]
[Date "2019.06.12"]
[Round "5"]
[White "Baumann, Marcel"]
[Black "Kamp, Adrian"]
[Result "0-1"]
[Termination "normal"]
[Board "37"]
[WhiteElo "1866"]
[BlackElo "1865"]
[PlyCount "36"]
[WhiteFideId "12974668"]
[BlackFideId "16222466"]
[EventCountry "GER"]
[EventRounds "9"]
[EventType "swiss"]
[EventDate "2019.06.08"]

1. d4 Nf6 2. c4 g6 3. Nc3 d5 4. Bg5 Ne4 5. Bf4 Nxc3 6. bxc3 Bg7 7. Nf3 c5 8. e3
Nc6 9. cxd5 Qxd5 10. c4 Qd8 11. d5 Qa5+ 12. Nd2 Nb4 13. a3 Bxa1 14. axb4 cxb4
15. Be2 O-O 16. O-O Bg7 17. h4 Bd7 18. h5 Qa2 0-1

[Event "ODJM A 2019"]
[Site "Willingen GER"]
[Date "2019.06.12"]
[Round "5"]
[White "Kesselmeier, Kevin"]
[Black "Zha, Kevin"]
[Result "0-1"]
[Termination "normal"]
[Board "38"]
[WhiteElo "1937"]
[BlackElo "1764"]
[PlyCount "74"]
[WhiteFideId "16217551"]
[BlackFideId "16208951"]
[EventCountry "GER"]
[EventRounds "9"]
[EventType "swiss"]
[EventDate "2019.06.08"]

1. e4 g6 2. d4 Bg7 3. Nc3 d6 4. Be3 a6 5. Qd2 b5 6. O-O-O Nd7 7. h4 h5 8. Nh3
Bb7 9. f3 c5 10. Ng5 Qc7 11. g3 Ngf6 12. Bh3 Nb6 13. d5 b4 14. Ne2 Nfxd5 15.
exd5 Nc4 16. Qd3 Nxb2 17. Qb3 Nxd1 18. Rxd1 Qa5 19. Nf4 Bc8 20. Rd3 Bxh3 21.
Nfxh3 O-O 22. g4 Rfc8 23. Qc4 b3 24. Qxb3 c4 25. Qa3 Qb5 26. Rd4 Rab8 27. Kd2
c3+ 28. Ke1 Bxd4 29. Bxd4 Qb1+ 30. Kf2 Qxc2+ 31. Kg3 Rb2 32. Bg1 Rxa2 33. Qb4
Qg2+ 34. Kf4 c2 35. Be3 Qh2+ 36. Ke4 Qe5+ 37. Kd3 Qxe3+ 0-1

[Event "ODJM A 2019"]
[Site "Willingen GER"]
[Date "2019.06.12"]
[Round "5"]
[White "Weimert, Miriam"]
[Black "Dornieden, Jonas"]
[Result "1/2-1/2"]
[Termination "normal"]
[Board "39"]
[WhiteElo "1903"]
[BlackElo "1864"]
[PlyCount "42"]
[WhiteFideId "12966703"]
[BlackFideId "1336460"]
[EventCountry "GER"]
[EventRounds "9"]
[EventType "swiss"]
[EventDate "2019.06.08"]

1. e4 c6 2. d4 d5 3. exd5 cxd5 4. c4 Nf6 5. Nc3 Nc6 6. Bg5 Be6 7. c5 h6 8. Be3
Bf5 9. Nf3 e6 10. Bb5 a6 11. Ba4 Nd7 12. O-O Qc8 13. Ne2 Be7 14. Ng3 Bg6 15.
Bc2 Bxc2 16. Qxc2 O-O 17. Qd2 Bf6 18. Nh5 Kh7 19. Qd3+ Kg8 20. Qd2 Kh7 21. Qd3+
Kg8 1/2-1/2

[Event "ODJM A 2019"]
[Site "Willingen GER"]
[Date "2019.06.12"]
[Round "5"]
[White "Hagenbeck-Hübert, Lara"]
[Black "Matthes, Aaron"]
[Result "0-1"]
[Termination "normal"]
[Board "40"]
[WhiteElo "1861"]
[BlackElo "1791"]
[PlyCount "184"]
[WhiteFideId "12964484"]
[BlackFideId "16227310"]
[EventCountry "GER"]
[EventRounds "9"]
[EventType "swiss"]
[EventDate "2019.06.08"]

1. d4 Nf6 2. f4 d5 3. Nf3 Bf5 4. e3 Nbd7 5. Bd3 Ne4 6. Nbd2 e6 7. O-O Ndf6 8.
Ne5 Bd6 9. Bb5+ Kf8 10. c4 c6 11. Ba4 Nxd2 12. Bxd2 dxc4 13. Nxc4 Kg8 14. Bc2
g6 15. Bc3 Be7 16. Qe2 Qd5 17. Ne5 Kg7 18. Rfe1 Bxc2 19. Qxc2 Ne4 20. a3 h5 21.
b4 h4 22. Re2 Rh5 23. Rf1 Bf6 24. Be1 Rah8 25. Nf3 Be7 26. Nd2 Nd6 27. Nb3 f5
28. Nc5 b6 29. Nb3 Ne4 30. Nd2 Nf6 31. Qd3 c5 32. bxc5 bxc5 33. a4 h3 34. g3
Rd8 35. Qa6 Rd7 36. Nf3 Ng4 37. Bd2 Rh8 38. Qd3 Bf6 39. Bc3 e5 40. fxe5 Nxe5
41. Nxe5 Bxe5 42. e4 fxe4 43. Qxe4 Bxd4+ 44. Bxd4+ Qxd4+ 45. Qxd4+ cxd4 46. Rd2
Rc8 47. Rf4 Rc4 48. a5 Rd5 49. a6 Ra4 50. g4 Rxa6 51. Rdxd4 Rxd4 52. Rxd4 Ra2
53. Rd3 Rg2+ 54. Kh1 a5 55. Ra3 Rxg4 56. Rxa5 Rb4 57. Kg1 Rb3 58. Kf2 Kh6 59.
Ra6 Kh5 60. Ra5+ g5 61. Ra8 Kh4 62. Ra2 Rb1 63. Re2 Rh1 64. Ke3 Rg1 65. Rf2 Rg2
66. Ke2 Rg1 67. Rf1 Rg4 68. Ke1 Ra4 69. Kf2 Rg4 70. Ke1 Kh5 71. Rf3 Rg1+ 72.
Rf1 Rg2 73. Rf2 Kh4 74. Kf1 Rg4 75. Ke1 Rg1+ 76. Rf1 Rg4 77. Rf2 Ra4 78. Re2
Ra1+ 79. Kf2 Rh1 80. Ke3 g4 81. Rf2 Re1+ 82. Kf4 Rh1 83. Rd2 Rf1+ 84. Ke3 g3
85. Rd4+ Kg5 86. Rd5+ Rf5 87. Rd1 gxh2 88. Rh1 Kh4 89. Rxh2 Kg3 90. Rh1 h2 91.
Ra1 Re5+ 92. Kd4 Rh5 0-1

[Event "ODJM A 2019"]
[Site "Willingen GER"]
[Date "2019.06.12"]
[Round "5"]
[White "Gluma, Christian"]
[Black "Weigand, Anton"]
[Result "1-0"]
[Termination "normal"]
[Board "41"]
[WhiteElo "1741"]
[BlackElo "1889"]
[PlyCount "97"]
[WhiteFideId "16223209"]
[BlackFideId "16221915"]
[EventCountry "GER"]
[EventRounds "9"]
[EventType "swiss"]
[EventDate "2019.06.08"]

1. e4 e6 2. d4 d5 3. Nd2 dxe4 4. Nxe4 Nd7 5. Nf3 Ngf6 6. Nxf6+ Nxf6 7. Bd3 b6
8. O-O Bb7 9. Re1 Be7 10. Bg5 O-O 11. c3 h6 12. Bd2 c5 13. Be3 Nd5 14. Ne5 Nxe3
15. fxe3 Bd6 16. Qh5 Bxe5 17. Qxe5 Qd5 18. Qxd5 Bxd5 19. Kf2 Rfd8 20. Red1 Kf8
21. b3 Ke7 22. Rac1 Rac8 23. Be2 Rc7 24. Bf3 Bxf3 25. Kxf3 Rdc8 26. c4 Rd7 27.
Rc2 Rcd8 28. Rcd2 f5 29. h4 g6 30. g4 Kf6 31. Kf4 Kf7 32. g5 hxg5+ 33. hxg5 Ke7
34. Ke5 Rh8 35. dxc5 Rxd2 36. Rxd2 bxc5 37. Rd6 Rh2 38. Rxe6+ Kf7 39. Ra6 Rh3
40. Rxa7+ Kf8 41. Kf6 Rxe3 42. Kxg6 f4 43. Rf7+ Kg8 44. Rxf4 Re2 45. Rf5 Rxa2
46. Rxc5 Ra6+ 47. Kf5 Kf7 48. Rc7+ Kg8 49. b4 1-0

[Event "ODJM A 2019"]
[Site "Willingen GER"]
[Date "2019.06.12"]
[Round "5"]
[White "Yaroshenko, Yaroslav"]
[Black "Reucker, Friedrich"]
[Result "1/2-1/2"]
[Termination "normal"]
[Board "42"]
[WhiteElo "1761"]
[BlackElo "1939"]
[PlyCount "70"]
[WhiteFideId "16204905"]
[BlackFideId "12993670"]
[EventCountry "GER"]
[EventRounds "9"]
[EventType "swiss"]
[EventDate "2019.06.08"]

1. e4 c5 2. d4 cxd4 3. c3 dxc3 4. Nxc3 Nc6 5. Nf3 e6 6. Bc4 d6 7. O-O a6 8. Qe2
Bd7 9. Rd1 Be7 10. Bf4 e5 11. Bg3 Nf6 12. Bh4 Bg4 13. Bxf6 Bxf6 14. Qd3 Nd4 15.
Nxd4 exd4 16. Ne2 Bxe2 17. Qxe2 O-O 18. Bd5 Qb6 19. Rd3 Qc7 20. Rb3 Rab8 21.
Rd1 b5 22. Rh3 g6 23. f4 Qc5 24. Kh1 Rfe8 25. Qg4 Kg7 26. f5 Qc7 27. Qf4 g5 28.
Qg4 h6 29. Qh5 Rh8 30. Ra3 a5 31. Rxa5 Rhf8 32. Ra6 Rb6 33. Rxb6 Qxb6 34. Rc1
d3 35. Qf3 d2 1/2-1/2

[Event "ODJM A 2019"]
[Site "Willingen GER"]
[Date "2019.06.12"]
[Round "5"]
[White "Pepi, Lucas"]
[Black "Flach, Helene"]
[Result "1-0"]
[Termination "normal"]
[Board "43"]
[WhiteElo "1918"]
[BlackElo "1829"]
[PlyCount "57"]
[WhiteFideId "12944920"]
[BlackFideId "12929735"]
[EventCountry "GER"]
[EventRounds "9"]
[EventType "swiss"]
[EventDate "2019.06.08"]

1. e4 c5 2. Nf3 e6 3. d4 cxd4 4. Nxd4 a6 5. Bd3 Nf6 6. O-O Qc7 7. Kh1 d6 8. f4
Nbd7 9. Nb3 b5 10. Qe2 Bb7 11. Bd2 Nc5 12. Ba5 Qd7 13. Nc3 d5 14. Nxc5 Bxc5 15.
e5 Ng8 16. f5 Nh6 17. Qh5 Bf8 18. fxe6 Qxe6 19. Ne2 Qg4 20. Nf4 g5 21. e6 Qxh5
22. Nxh5 fxe6 23. Rae1 Bc8 24. Nf6+ Ke7 25. Nxd5+ Kd6 26. Nf6 Bg7 27. Ne4+ Ke7
28. Nxg5 Bd7 29. Bb4+ 1-0

[Event "ODJM A 2019"]
[Site "Willingen GER"]
[Date "2019.06.12"]
[Round "5"]
[White "Uhlendorff, Luca"]
[Black "Pahl, Theis"]
[Result "0-1"]
[Termination "normal"]
[Board "44"]
[WhiteElo "1735"]
[BlackElo "2029"]
[PlyCount "90"]
[WhiteFideId "16221923"]
[BlackFideId "16201264"]
[EventCountry "GER"]
[EventRounds "9"]
[EventType "swiss"]
[EventDate "2019.06.08"]

1. d4 Nf6 2. Bf4 g6 3. Nc3 d5 4. e3 Bg7 5. h4 h5 6. Be2 a6 7. Nf3 Nbd7 8. Ne5
e6 9. Qd2 c5 10. Nxd7 Nxd7 11. O-O-O Qe7 12. Kb1 b5 13. Rdg1 Nb6 14. Ka1 b4 15.
Nb1 Bd7 16. Be5 Bxe5 17. dxe5 Bb5 18. g4 Qd7 19. gxh5 gxh5 20. Rg7 Nc4 21. Bxc4
Bxc4 22. b3 Bb5 23. Rhg1 O-O-O 24. a4 Bc6 25. Kb2 Qc7 26. f4 d4 27. exd4 Rxd4
28. Rg8+ Rxg8 29. Rxg8+ Kb7 30. Qe3 Qd7 31. c4 Be4 32. Rg1 Kb6 33. Rf1 Bf5 34.
Qg1 Rd2+ 35. Nxd2 Qxd2+ 36. Ka1 Qc3+ 37. Ka2 Bc2 38. a5+ Kc6 39. Qg2+ Kc7 40.
Rf3 Bxb3+ 41. Kb1 Bc2+ 42. Qxc2 Qxf3 43. Qd2 Qe4+ 44. Ka2 Qxc4+ 45. Kb1 Qb3+
0-1

[Event "ODJM A 2019"]
[Site "Willingen GER"]
[Date "2019.06.12"]
[Round "5"]
[White "Martin, Richard"]
[Black "Kemper, Yannick"]
[Result "1-0"]
[Termination "normal"]
[Board "45"]
[WhiteElo "1951"]
[BlackElo "1856"]
[PlyCount "31"]
[WhiteFideId "12925691"]
[BlackFideId "12977470"]
[EventCountry "GER"]
[EventRounds "9"]
[EventType "swiss"]
[EventDate "2019.06.08"]

1. e4 c5 2. c3 d5 3. exd5 Qxd5 4. d4 cxd4 5. cxd4 g6 6. Nc3 Qa5 7. Nf3 Bg7 8.
Bc4 e6 9. O-O Nc6 10. d5 Bxc3 11. bxc3 exd5 12. Bxd5 Nge7 13. Bxc6+ bxc6 14.
Qd6 Be6 15. Bg5 Qd8 16. Bxe7 1-0

[Event "ODJM A 2019"]
[Site "Willingen GER"]
[Date "2019.06.12"]
[Round "5"]
[White "Leser, Stefan"]
[Black "Isler, Benjamin"]
[Result "1-0"]
[Termination "normal"]
[Board "46"]
[WhiteElo "1779"]
[BlackElo "1946"]
[PlyCount "28"]
[WhiteFideId "12997706"]
[BlackFideId "12975478"]
[EventCountry "GER"]
[EventRounds "9"]
[EventType "swiss"]
[EventDate "2019.06.08"]

1. e4 d5 2. exd5 Nf6 3. d4 Bg4 4. Be2 Bxe2 5. Qxe2 Qxd5 6. Nf3 e6 7. Nc3 Qh5 8.
Bf4 Na6 9. O-O-O Bd6 10. Bxd6 cxd6 11. d5 e5 12. Qb5+ Kd8 13. Qxb7 Nc7 14. Nb5
Rc8 1-0